000
00212 a2200097 4500
001
25269
100
_a
Richmond, A J
245
_a
Problems in Heat Engines
260
_a
_b
Edward Arnold
_c
090
_c
17035
_d
17035
942
_a
NUST-CAE
_c
M
_c
7820
999
_c
260342
_d
260342